banner-ar

ازمة الموسيقى المصرية وازمة المقامات / (Record no. 65672)

MARC details
000 -الفاتح
حقل البيانات ثابتة الطول 00816nam a22002297a 4500
005 - وقت وتاريخ اخر تعامل مع التسجيلة
رقم الضبط 20240530110837.0
008 - عناصر البيانات ثابتة الطول - معلومات عامة
حقل البيانات ثابتة الطول 191118s2008 ua a f 000 0 ara d
017 ## - رقم الايداع القانونى
رقم الايداع القانونى 2007/7069
المصدر ( الهيئة المختصة) مصر. دار الكتب
020 ## - الرقم الدولى المعيارى للكتب
الرقم الدولى المعيارى للكتاب 977437251 ( جزء اول )
020 ## - الرقم الدولى المعيارى للكتب
الرقم الدولى المعيارى للكتاب 9774372581 ( جزء ثانى )
040 ## - مصدر الفهرسة
وكالة الفهرسة الأصلية EG-CaGPL
وكالة النسخ EG-CaGPL
082 04 - رقم تصنيف ديوى العشرى
رقم الطبعة 21
رقم التصنيف 780.962
رقم المادة ق/ف ا
100 0# - المدخل الرئيسى - إسم شخصى
الإسم الشخصى فتحى الخميسى
245 10 - بيان العنوان
العنوان ازمة الموسيقى المصرية وازمة المقامات /
بيان المسئوليه,etc فتحى الخميسى
250 ## - بيان الطبعة
بيان الطبعة ط.1
260 ## - PUBLICATION, DISTRIBUTION, ETC. (IMPRINT)
تاريخ النشر أو التوزيع 2008
300 ## - الوصف المادى
التعداد 2 جزء :
تفاصيل ماديه اخرى للوعاء ايض. ؛
أبعاد الوعاء 24 سم.
650 07 - المدخل الاضافى بالموضوع-مصطلح موضوعى
مصدر الرأس أو المصطلح qrmak
مصطلح موضوعي الموسيقى المصرية
651 ## - المدخل الاضافى بالموضوع - اسم جغرافى
مصدر الرأس أو المصطلح qrmak
942 ## - عناصر المدخل الإضافي( كوها)
مصدر التصنيف او مخطط الترفيف Dewey Decimal Classification
Koha [default] item type كتاب
260 ## - PUBLICATION, DISTRIBUTION, ETC. (IMPRINT)
-- القاهرة :
-- المجلس الاعلى للثقافة،
Holdings
حالة التراجع حالة الفقد حالة تلف ليس للاعارة المكان المؤقت الموقع الحالى موقع الترفيف تاريخ الاكتساب اجمالي اﻻعارات رقم الطلب الباركود تاريخ اخر مشاهدة تاريخ تفعيل السعر نوع وعاء كوها
        مكتبة القاهرة الكبرى مكتبة القاهرة الكبرى   11/18/2019   780.962 ق / ف ا 166740 11/18/2019 11/18/2019 كتاب
        مكتبة القاهرة الكبرى مكتبة القاهرة الكبرى   11/26/2019   780.962 ق/ف ا 166751 11/26/2019 11/26/2019 كتاب

Powered By

EGPV